[Event "It (open)"]
[Site "Le Touquet (France)"]
[Date "2011.10.25"]
[Round "5"]
[White "Romanov Evgeny (RUS)"]
[Black "Koziak Vitali (UKR)"]
[Result "1-0"]
[WhiteElo "2627"]
[BlackElo "2494"]

1.c4 c5 2.Nf3 Nc6 3.d4 cxd4 4.Nxd4 Qb6 5.Nc2 e6 6.Nc3 Nf6 7.e4 Bc5 8.Qe2 O-O
9.e5 Ne8 10.a3 f6 11.exf6 Nxf6 12.b4 Nd4 13.bxc5 Qb3 14.Nxd4 Qxc3+ 15.Qd2 Qxa1
16.Bd3 Kh8 17.Nf3 b6 18.O-O bxc5 19.Bxh7 Bb7 20.Bb2 Qa2 21.Bb1 Qb3 22.Ne5 Kg8
23.Ba1 Rad8 24.Ng6 Rf7 25.Qf4 d6 26.Qh4 Rfd7 27.Bxf6 gxf6 28.Qh8+ {#r} 1-0

[Event "Ch Ghana (final)"]
[Site "Accra (Ghana)"]
[Date "2012.01.06"]
[Round "3"]
[White "Lamb Pastor Sherpherd"]
[Black "Koney Nii Koney-Kwaku"]
[Result "1-0"]
[WhiteElo "2008"]
[BlackElo "2008"]

1.c4 c5 2.Nf3 Nf6 3.g3 d6 4.Bg2 g6 5.Nc3 Bg7 6.Qc2 Nc6 7.a3 a5 8.d3 Bg4 9.h3
Bxf3 10.Bxf3 Nd4 11.Qa4+ b5 12.Nxb5 Nxf3+ 13.exf3 O-O 14.Be3 Nd7 15.Qc2 Qc8
16.Kf1 Ne5 17.f4 Qc6 18.Ke2 Qf3+ 19.Kd2 Nc6 20.Rab1 Rab8 21.Qd1 Qxd1+ 22.Rhxd1
{#r} 1-0

[Event "It "]
[Site "Neustadt a.d. Weinstrasse (Germany)"]
[Date "2012.02.21"]
[Round "4"]
[White "Frotscher Thomas (GER)"]
[Black "Zeller Frank (GER)"]
[Result "0-1"]
[WhiteElo "2171"]
[BlackElo "2398"]

1.c4 c5 2.Nc3 Nf6 3.g3 e6 4.Nf3 b6 5.Bg2 Bb7 6.O-O d6 7.d4 cxd4 8.Nxd4 Bxg2
9.Kxg2 Be7 10.e3 a6 11.b3 Ra7 12.Bb2 h5 13.h3 g5 14.Qd3 Nbd7 15.Rfd1 Qa8+
16.Kg1 g4 17.h4 Ne5 18.Qf1 Rf8 19.Qg2 Nf3+ 20.Kh1 Rc7 21.Nce2 Ne4 22.Rf1 Rc5
23.Nxf3 gxf3 24.Qxf3 Rf5 25.Qg2 Rxf2 26.Rxf2 Nxf2+ 27.Kg1 Ne4 28.Rf1 Bxh4
29.Qf3 Qb7 30.Qxh5 Nxg3 {#R} 0-1

[Event "Czech League 2011/12 (2nd) (c)"]
[Site "Czech Republic"]
[Date "2012.03.04"]
[Round "9"]
[White "Spirin Oleg (RUS)"]
[Black "Stastny Jan (CZE)"]
[Result "1-0"]
[WhiteElo "2472"]
[BlackElo "2233"]

1.c4 c5 2.Nf3 Nf6 3.Nc3 b6 4.g3 Bb7 5.Bg2 e6 6.O-O Be7 7.Re1 O-O 8.e4 d6 9.d4
cxd4 10.Nxd4 Nbd7 11.e5 dxe5 12.Nxe6 fxe6 13.Bxb7 Rb8 14.Bg2 Qc7 15.Qe2 Bb4
16.Nb5 Qc5 17.Rf1 a6 18.Be3 Qe7 19.Na7 e4 20.Nc6 Qd6 21.Nxb8 Qxb8 22.a3 Bd6
23.Rad1 Be5 24.Bg5 {#r} 1-0

[Event "It (open)"]
[Site "Arucas (Spain)"]
[Date "2012.06.21"]
[Round "4"]
[White "Rocandio Sanchez Roberto"]
[Black "Navarro Molina David (ESP)"]
[Result "0-1"]
[WhiteElo "2053"]
[BlackElo "2128"]

1.c4 c5 2.Nc3 e6 3.Nf3 b6 4.g3 Bb7 5.Bg2 Nf6 6.O-O Ne4 7.Nxe4 Bxe4 8.d3 Bb7
9.Bd2 Be7 10.Rb1 O-O 11.b4 d5 12.bxc5 Bxc5 13.d4 Be7 14.c5 Nd7 15.Qa4 Qc8
16.cxb6 axb6 17.Qb3 Ba6 18.Rfc1 Bc4 19.Qc2 Rxa2 20.Qxa2 Bxa2 21.Rxc8 Rxc8
22.Rb2 Bc4 23.e3 Ra8 24.Ne1 Ra1 25.f3 Ba3 26.Rc2 b5 27.Bf1 Nb6 28.Ba5 b4
29.Bxc4 Nxc4 30.Kf2 b3 {#R} 0-1

[Event "Ch Bulgaria (team) (Gr.B)"]
[Site "Sunny Beach (Bulgaria)"]
[Date "2012.09.19"]
[Round "1"]
[White "Tsvetkov Ilia (BUL)"]
[Black "Mladenov Ilian (BUL)"]
[Result "1-0"]
[WhiteElo "2373"]
[BlackElo "2235"]

1.c4 c5 2.Nf3 b6 3.g3 Bb7 4.Bg2 e5 5.Nc3 d6 6.O-O g6 7.e3 Bg7 8.d4 e4 9.Ne1 f5
10.f3 exf3 11.Nxf3 Nc6 12.d5 Ne5 13.e4 Ne7 14.Ng5 Bc8 15.Ne6 Bxe6 16.dxe6 O-O
17.exf5 Nxc4 18.Bg5 Bd4+ 19.Kh1 Bxc3 20.bxc3 gxf5 21.Bxe7 Qxe7 22.Bxa8 Ne3
23.Qf3 {#r} 1-0

[Event "Memorial Martinez (open)"]
[Site "Guarenas (Venezuela)"]
[Date "2012.10.26"]
[Round "3"]
[White "Rakhmanov Aleksandr (RUS)"]
[Black "Pinero Carlos (VEN)"]
[Result "1-0"]
[WhiteElo "2612"]
[BlackElo "2168"]

1.c4 c5 2.g3 Nc6 3.b3 Nf6 4.Bb2 e6 5.Bg2 b6 6.Bxc6 dxc6 7.f4 Nd7 8.Nf3 f6
9.Qc2 Qc7 10.Qe4 Qd6 11.Nc3 Ba6 12.O-O-O O-O-O 13.d4 f5 14.Qe3 Re8 15.dxc5
Qxc5 16.Rd4 Qa5 17.Qd2 Nb8 18.Rd1 Bc5 19.Rd3 b5 20.Ne5 bxc4 21.bxc4 Rd8 22.Qc2
Rhe8 23.Qa4 Qxa4 24.Nxa4 Be7 25.Ba3 Bf6 26.Nf7 Bxc4 27.Rxd8+ Rxd8 28.Rxd8+
{#r} 1-0

[Event "Cup Rilton (open)"]
[Site "Stockholm (Sweden)"]
[Date "2012.12.28"]
[Round "2"]
[White "Nithander Victor (SWE)"]
[Black "Berggren Torell Harald (SWE)"]
[Result "1-0"]
[WhiteElo "2443"]
[BlackElo "2080"]

1.c4 c5 2.g3 g6 3.Bg2 Bg7 4.Nf3 Nc6 5.O-O b6 6.d3 Nf6 7.Nbd2 O-O 8.a3 Bb7
9.Rb1 Qc7 10.b4 Rab8 11.Bb2 d6 12.e3 Nd7 13.Bxg7 Kxg7 14.d4 cxb4 15.axb4 a5
16.b5 Nb4 17.d5 e5 18.dxe6 fxe6 19.Ng5 Rfe8 20.Bxb7 Qxb7 21.Nde4 {#r} 1-0

[Event "Ch Asia (zt)"]
[Site "Tagaytay (Philippines)"]
[Date "2013.01.23"]
[Round "2"]
[White "Tolentino Rustum (PHI)"]
[Black "Bilguun Sumiya (MGL)"]
[Result "1-0"]
[WhiteElo "2323"]
[BlackElo "2270"]

1.c4 c5 2.g3 b6 3.Bg2 Nc6 4.Nf3 Bb7 5.O-O Nf6 6.Nc3 e6 7.d4 cxd4 8.Nxd4 a6
9.Nxc6 Bxc6 10.Bxc6 dxc6 11.Qa4 b5 12.Qb3 b4 13.Na4 Qa5 14.a3 Qh5 15.axb4 Rb8
16.c5 Nd5 17.e4 Nxb4 18.Bf4 e5 19.Be3 Qe2 20.Nb6 Nd3 21.Qa4 f6 22.Qxc6+ Kf7
23.Rxa6 Rd8 24.Nd5 Bxc5 25.Bxc5 Nxc5 26.Ra7+ Kg6 27.Rxg7+ {#r} 1-0

[Event "Cup UDI (open)"]
[Site "Santander (Colombia)"]
[Date "2013.06.01"]
[Round "4"]
[White "Sanchez Sebastian (URU)"]
[Black "Herrera Perez Martin Steven (COL)"]
[Result "1-0"]
[WhiteElo "2032"]
[BlackElo "2045"]

1.c4 c5 2.Nc3 b6 3.Nf3 Bb7 4.g3 Nf6 5.Bg2 e6 6.O-O a6 7.d4 cxd4 8.Qxd4 d6 9.b3
Nbd7 10.Rd1 Qc7 11.Bb2 Be7 12.Rac1 O-O 13.Qe3 Rac8 14.Nd4 Bxg2 15.Kxg2 Ng4
16.Qd2 Rfd8 17.f3 Nge5 18.e4 Nc6 19.Nd5 {#r} 1-0

[Event "Ch Paulista"]
[Site "Americana (Brazil)"]
[Date "2013.09.22"]
[Round "5"]
[White "Valente Rodrigo De Deus"]
[Black "Mandetta Joao Danilo"]
[Result "0-1"]
[WhiteElo "2087"]
[BlackElo "2169"]

1.c4 c5 2.Nc3 b6 3.b3 Bb7 4.Bb2 Nf6 5.Nf3 e6 6.e3 Be7 7.Be2 O-O 8.O-O d6 9.d3
Nbd7 10.Nd2 Re8 11.Bf3 d5 12.d4 cxd4 13.exd4 Nf8 14.Qc2 Rc8 15.Rac1 Ng6 16.g3
Qd7 17.Qd3 dxc4 18.Nxc4 Rxc4 19.Bxb7 Rxc3 20.Rxc3 Qxb7 21.Qb5 Rd8 22.Rfc1 Nd5
23.Rc6 Bg5 24.R1c2 h5 25.Qe2 h4 26.Ba3 Be7 27.Bxe7 Ngxe7 28.R6c4 Nf5 29.g4 Nf4
30.Qf1 Nxd4 {#R} 0-1

[Event "It (open)"]
[Site "Pavlodar (Kazakhstan)"]
[Date "2013.12.19"]
[Round "10"]
[White "Baimurzin Aitkazy (KAZ)"]
[Black "Gnusarev Pavel (KAZ)"]
[Result "0-1"]
[WhiteElo "2112"]
[BlackElo "2369"]

1.c4 c5 2.Nf3 Nc6 3.g3 g6 4.d4 cxd4 5.Nxd4 Bg7 6.Nc2 d6 7.Bg2 Be6 8.Ne3 Qd7
9.Nc3 Bxc3+ 10.bxc3 Bh3 11.Be4 Nf6 12.Bc2 O-O 13.Ba4 Qe6 14.f3 Rac8 15.Nd5 Ne5
16.Nf4 Nxf3+ 17.Kf2 Ng4+ 18.Kxf3 Qf6 19.Bd2 e5 20.e4 Rxc4 21.Bb5 Rxe4 22.Bf1
exf4 23.gxf4 Bxf1 24.Qxf1 Qf5 25.Qg2 Ne5+ 26.Kg3 Qg4+ {#R} 0-1

[Event "Tournament (Elo) "]
[Site "Krasnoyarsk (Russia)"]
[Date "2013.12.25"]
[Round "5"]
[White "Mikhalchenko Petr (RUS)"]
[Black "Sergeev Ilya (RUS)"]
[Result "1-0"]
[WhiteElo "2350"]
[BlackElo "2078"]

1.c4 c5 2.g3 Nc6 3.Bg2 g6 4.e3 Bg7 5.Ne2 e6 6.h4 Nge7 7.h5 d5 8.cxd5 exd5 9.h6
Bf6 10.Nf4 O-O 11.Nc3 Ne5 12.d4 cxd4 13.exd4 N5c6 14.Be3 Nf5 15.g4 Nxe3
16.fxe3 Re8 17.Nfxd5 Bxd4 18.Qd2 Bxg4 19.Qf2 Bxe3 20.Nxe3 Qd3 21.Nd5 Nd4
22.Nf6+ Kh8 23.Nxe8 Nc2+ 24.Qxc2 Qxe3+ 25.Kf1 Rxe8 26.Qc3+ {#r} 1-0

[Event "Ch Hungary (team) 2014/15 B"]
[Site "Hungary"]
[Date "2014.10.12"]
[Round "1"]
[White "Bartha Sandor (HUN)"]
[Black "Solymosi Istvan (HUN)"]
[Result "0-1"]
[WhiteElo "2018"]
[BlackElo "2136"]

1.c4 c5 2.g3 e6 3.Bg2 Nf6 4.Nf3 Qc7 5.O-O b6 6.Nc3 a6 7.d3 Bb7 8.Bd2 Be7 9.a3
O-O 10.Rb1 Nc6 11.Na2 d5 12.cxd5 Nxd5 13.Qc2 Rac8 14.Rfc1 Rfd8 15.Nc3 Qb8
16.Qb3 b5 17.Ne4 Ne5 18.a4 c4 19.dxc4 Nxc4 20.Be1 Ndb6 21.Nc3 b4 22.a5 Nxa5
23.Qa2 Nbc4 24.b3 Na3 25.Ra1 Bxf3 26.Bxf3 bxc3 {#R} 0-1

[Event "It (open)"]
[Site "Pavlodar (Kazakhstan)"]
[Date "2014.12.02"]
[Round "2"]
[White "Kassimov Baurzhan (KAZ)"]
[Black "Kashkarov Mikhail (KAZ)"]
[Result "1-0"]
[WhiteElo "2376"]
[BlackElo "2160"]

1.c4 c5 2.b3 Nf6 3.Bb2 e6 4.Nf3 Nc6 5.g3 Be7 6.Bg2 O-O 7.d4 d5 8.cxd5 Nxd5
9.dxc5 Qa5+ 10.Nbd2 Qxc5 11.O-O Rd8 12.Rc1 Qb6 13.a3 Bf6 14.Nc4 Qa6 15.Qc2 b5
16.Bxf6 gxf6 17.Ncd2 Bb7 18.Qb2 Kg7 19.Ne4 Rac8 20.Rc5 Nce7 21.Nd4 Rxc5
22.Nxc5 Qb6 23.Nxb7 Qxb7 24.e4 e5 25.exd5 exd4 26.Qxd4 {#r} 1-0

[Event "It "]
[Site "Schwaebisch Gmuend (Germany)"]
[Date "2015.01.02"]
[Round "2"]
[White "Skembris Spyridon (GRE)"]
[Black "Hahn Florian (GER)"]
[Result "1-0"]
[WhiteElo "2416"]
[BlackElo "2146"]

1.c4 c5 2.Nc3 Nf6 3.Nf3 e6 4.g3 b6 5.Bg2 Bb7 6.O-O Be7 7.Re1 O-O 8.e4 d6 9.d4
cxd4 10.Nxd4 Qc8 11.Bg5 a6 12.Rc1 Nbd7 13.b4 Re8 14.f4 h6 15.Bh4 Nf8 16.Bh3
Ng6 17.f5 e5 18.Bxf6 Bxf6 19.fxg6 Qxh3 20.gxf7+ Kxf7 21.Nf5 Kg8 22.Nd5 Rad8
23.Rc3 h5 24.Rf3 Re6 25.Nc7 Re7 26.Nxe7+ Bxe7 27.Nd5 Bg5 {#r} 1-0

[Event "It (open)"]
[Site "Karvina (Czech Republic)"]
[Date "2015.06.30"]
[Round "4"]
[White "Zwardon Vojtech (CZE)"]
[Black "Lys Josef (CZE)"]
[Result "1-0"]
[WhiteElo "2424"]
[BlackElo "2197"]

1.c4 c5 2.g3 Nc6 3.Bg2 b6 4.a3 e6 5.Nf3 Bb7 6.O-O Nd4 7.Nxd4 Bxg2 8.Nxe6 fxe6
9.Kxg2 h5 10.Qc2 Qf6 11.h4 O-O-O 12.Nc3 d5 13.cxd5 exd5 14.d4 Qxd4 15.Bf4 Nf6
16.Rfd1 Qc4 17.b3 Qa6 18.Qf5+ Rd7 19.Nxd5 Qb7 20.e4 Nxd5 21.Rxd5 Be7 22.Rad1
Rd8 23.Qe6 Bf6 24.Rd6 {#r} 1-0

[Event "It "]
[Site "Hamburg (Germany)"]
[Date "2015.07.18"]
[Round "1"]
[White "Cremer Jochen (GER)"]
[Black "Krueger David (GER)"]
[Result "1-0"]
[WhiteElo "2164"]
[BlackElo "2016"]

1.c4 c5 2.g3 g6 3.Bg2 Bg7 4.Nc3 e6 5.a3 Ne7 6.b4 O-O 7.bxc5 Qa5 8.Bb2 Qxc5
9.Qa4 Nbc6 10.Nf3 Qa5 11.Qb3 Nf5 12.O-O Ncd4 13.Nxd4 Nxd4 14.Qd1 Rb8 15.e3 Nf5
16.Qb3 b6 17.a4 Ba6 18.Nb5 Rfc8 19.Bxg7 Kxg7 20.e4 Ne7 21.Qb2+ Kg8 22.d3 Rc5
23.Rfc1 Bb7 24.Qf6 Nc8 25.d4 Rh5 26.Qd8+ Kg7 27.Qc7 {#r} 1-0

[Event "It "]
[Site "Graz (Austria)"]
[Date "2015.09.04"]
[Round "7"]
[White "Wiedner Robert (AUT)"]
[Black "Schnider Gert (AUT)"]
[Result "0-1"]
[WhiteElo "2197"]
[BlackElo "2340"]

1.c4 c5 2.Nf3 Nf6 3.g3 g6 4.Bg2 Bg7 5.Nc3 O-O 6.d4 cxd4 7.Nxd4 Qc7 8.Qb3 Nc6
9.Ndb5 Qd8 10.Qd1 a6 11.Nd4 Qb6 12.Nb3 d6 13.O-O Ne5 14.c5 dxc5 15.Na4 Qc7
16.Naxc5 Rd8 17.Qe1 Ra7 18.Bf4 Nh5 19.Rc1 Nxf4 20.Ne6 Qxc1 21.Qxc1 Nxe2+ {#R}
0-1

[Event "Ch Serbia (1/2 final)"]
[Site "Belgrade (Serbia)"]
[Date "2016.03.23"]
[Round "3"]
[White "Cvetkovic Srdjan (SRB)"]
[Black "Lajthajm Borko (SRB)"]
[Result "0-1"]
[WhiteElo "2312"]
[BlackElo "2393"]

1.c4 c5 2.g3 Nc6 3.Bg2 g6 4.e3 Bg7 5.Ne2 d6 6.Nbc3 h5 7.h4 Bg4 8.f3 Bd7 9.d3
a6 10.b3 b5 11.Bb2 b4 12.Na4 Nf6 13.d4 Na5 14.dxc5 Bxa4 15.bxa4 Nxc4 16.Bd4
dxc5 17.Bxc5 Nd5 18.Kf2 Rc8 19.Bd4 e5 20.Ba7 Qd7 21.Rc1 O-O 22.Rxc4 Rxc4 {#R}
0-1

[Event "Ch Slovenia (team)"]
[Site "Slovenia"]
[Date "2016.11.12"]
[Round "5"]
[White "Praznik Niko (SLO)"]
[Black "Kastelic Marian (SLO)"]
[Result "1-0"]
[WhiteElo "2386"]
[BlackElo "2253"]

1.c4 c5 2.g3 Nc6 3.Bg2 e5 4.Nc3 Nge7 5.d3 d6 6.a3 g6 7.h4 h6 8.Rb1 a5 9.Bd2
Bg7 10.e3 O-O 11.Nge2 Bf5 12.e4 Be6 13.Nd5 Nd4 14.Nxd4 cxd4 15.O-O Bxd5
16.cxd5 b5 17.f4 f5 18.fxe5 dxe5 19.Qb3 Nc8 20.exf5 a4 21.Qa2 Ra6 22.d6+ Kh8
23.fxg6 Rxd6 24.Rxf8+ Bxf8 25.Qf7 Rd7 26.Qf5 Bg7 27.Bh3 Rc7 28.Ba5 {#r} 1-0